000 01057nam a2200229Ia 4500
001 L208-2923
003 IT-CnALBA
008 170116s9999||||xx |||||||||||||| ||und||
040 _aIT-CnALBA
_cIT-CnALBA
041 _aITALIANO
100 _aBELLARMINO ROBERTO, CARDINALE, SANTO.
245 0 _aASCENSIONI SPIRITUALI.
250 _a1a ed.
260 _aPADOVA - VC
_bGREGORIANA LIBRERIA EDITRICE
_c1930 [1° Ed.:1930 - Ed.Ling.Originale: 1930]
300 _a244 p. (prefazione: 914)
500 _aTRADUZIONE DI BELLINCINI GUIDO. UOMO MONDO TERRA ACQUA ARIA FUOCO LUNA STELLE. ANIMA UMANA. ESSENZA DI DIO. POTENZA DI DIO SAPIENZA MISERICORDIA GIUSTIZIA DI DIO.
501 _aSocietà San Paolo EM - Piazza San Paolo, 14 - 12051 ALBA (CN) (non commercial uses only) ® Copyright 2017
520 _aTRADUZIONE DI BELLINCINI GUIDO. UOMO MONDO TERRA ACQUA ARIA FUOCO LUNA STELLE. ANIMA UMANA. ESSENZA DI DIO. POTENZA DI DIO SAPIENZA MISERICORDIA GIUSTIZIA DI DIO.
650 _aPADRI E SCRITTORI ECCLESIASTICI
942 _cBK
957 _71
999 _a3903
_bSI
_g Copie: 1
_c262111
_d262111